000 00295nam a2200121 a 4500
008 110518s1994|||| d
245 1 0 _aTajomstvá hypnózy a sugescie
100 1 _aDamon, Cyron
020 _c10
044 _axo
_cSK
041 _aslo
260 _bEko-konzul
_aBratislava
_c1994
999 _c19677
_d19677